Tratamiento del niño con infección respiratoria aguda. (Registro nro. 700)
[ vista simple ]
| 000 -LEADER | |
|---|---|
| fixed length control field | 00929 am a2200241 a 4500 |
| 005 - FECHA ULTIMA MODIFICACION | |
| control field | 20240527122724.0 |
| 008 - CAMPO DE CONTROL (LIBRO) | |
| fixed length control field | 100906s1987||||xxua f |||| 000 0 spa d |
| 020 ## - INTERNATIONAL STANDARD BOOK NUMBER | |
| ISBN | 9275710163 |
| 041 ## - CODIGO DE IDIOMA | |
| Código de idioma del texto/pista de sonido o título separado | spa |
| 092 ## - SIGNATURA TOPOGRAFICA DEWEY LOCAL | |
| número de clasificación | 618.92 |
| libristica | 62 |
| sección | OPS |
| 110 1# - ENTRADA PRINCIPAL-AUTOR CORPORATIVO | |
| Nombre de la institución, jurisdicción como entrada principal | OPS |
| 9 (RLIN) | 63 |
| Información adicional | Organización Panamericana de la Salud. |
| 245 ## - TITULO PROPIAMENTE DICHO | |
| Título | Tratamiento del niño con infección respiratoria aguda. |
| Subtítulo y Título paralelo | Habilidades de supervisión / |
| Mención de responsabilidad y remanente de la transcripción de la portada | Organización Panamericana de la Salud. |
| 250 ## - MENCION DE EDICION | |
| Mención de edición | 1a ed. |
| 260 ## - PIE DE IMPRENTA | |
| Lugar de publicación, distribución, etc | Washington: |
| Nombre de la editorial, distribuidor, etc | OPS; |
| Fecha de publicación | 1987. |
| 300 ## - DESCRIPCION FISICA | |
| Extension | 122 p. |
| 500 ## - NOTA GENERAL | |
| Nota general | Organización Panamericana de la Salud. (1987). Tratamiento del niño con infección respiratoria aguda. Habilidades de supervisión. (1a ed.). Washington : OPS. |
| 590 ## - NOTAS LOCALES (RLIN) | |
| Nota local | OPS Serie Paltex para técnicos medios y auxiliares. Donación Dr Oliva Sept. 2010 |
| 653 ## - TÉRMINO INDIZADO - PALABRAS CLAVES | |
| Palabra clave | Pediatría |
| 653 ## - TÉRMINO INDIZADO - PALABRAS CLAVES | |
| Palabra clave | Infección respiratoria aguda |
| 930 ## - NUMERO DE INVENTARIO | |
| Número de inventario | 2147 |
| 930 ## - NUMERO DE INVENTARIO | |
| Número de inventario | 2148 |
| 942 ## - ADDED ENTRY ELEMENTS (KOHA) | |
| Source of classification or shelving scheme | Dewey Decimal Classification |
| Item type | Libros |
| Estado de retiro | Existencia | Estado general | No para prestamo | Ubicación permanente | ubicación actual | Sala de ubicación | Fecha de adquisición | Total Checkouts | Número de clasificación | Código de barras | Date last seen | Número de ejemplar | Price effective from | Koha tipo de elemento (item) |
|---|---|---|---|---|---|---|---|---|---|---|---|---|---|---|
| Biblioteca Medicina | Biblioteca Medicina | Circulación | 13/05/2011 | 618.92 62 OPS | 2147 | 06/11/2014 | ej.1 | 13/05/2011 | Libros | |||||
| Biblioteca Medicina | Biblioteca Medicina | Circulación | 13/05/2011 | 618.92 62 OPS | 2148 | 06/11/2014 | ej.2 | 13/05/2011 | Libros |